<?xml version="1.0" encoding="UTF-8"?>
<record
    xmlns:xsi="http://www.w3.org/2001/XMLSchema-instance"
    xsi:schemaLocation="http://www.loc.gov/MARC21/slim http://www.loc.gov/standards/marcxml/schema/MARC21slim.xsd"
    xmlns="http://www.loc.gov/MARC21/slim">

  <leader>02755nam a2200253 a 4500</leader>
  <controlfield tag="001">000029135</controlfield>
  <controlfield tag="003">DO-SdBNP</controlfield>
  <controlfield tag="005">20221019105616.0</controlfield>
  <controlfield tag="007">000029135</controlfield>
  <controlfield tag="008">110413s2000    dr a          000 0 spa d</controlfield>
  <datafield tag="040" ind1=" " ind2=" ">
    <subfield code="a">BPMSU</subfield>
    <subfield code="b">spa</subfield>
    <subfield code="c">BPMSU</subfield>
  </datafield>
  <datafield tag="082" ind1=" " ind2="4">
    <subfield code="a">304.89 </subfield>
    <subfield code="b">V422t 2000</subfield>
    <subfield code="2">22</subfield>
  </datafield>
  <datafield tag="100" ind1="1" ind2=" ">
    <subfield code="a">Vega, Bernardo,</subfield>
    <subfield code="d">1938-</subfield>
  </datafield>
  <datafield tag="245" ind1="1" ind2="0">
    <subfield code="a">Tendencias migratorias hacia los Estados Unidos de dominicanos y otros ciudadanos caribe&#xF1;os :</subfield>
    <subfield code="b">an&#xE1;lisis de las tendencias de la migraci&#xF3;n legal e ilegal, la deportaci&#xF3;n de criminales y el impacto negativo de la legislaci&#xF3;n migratoria norteamericana de 1996 /</subfield>
    <subfield code="c">Bernardo Vega; Roberto Desprandel.</subfield>
  </datafield>
  <datafield tag="260" ind1=" " ind2=" ">
    <subfield code="a">Santo Domingo :</subfield>
    <subfield code="b">Organizaci&#xF3;n Internacional para las Migraciones(IOM, OIM),</subfield>
    <subfield code="b">Facultad Latinoamericana de Ciencias Sociales (FLACSO),</subfield>
    <subfield code="c">2000.</subfield>
  </datafield>
  <datafield tag="300" ind1=" " ind2=" ">
    <subfield code="a">41 p. :</subfield>
    <subfield code="b">il., ;</subfield>
    <subfield code="c">22 cm.</subfield>
  </datafield>
  <datafield tag="505" ind1="2" ind2=" ">
    <subfield code="a">Tendencias en la migraci&#xF3;n legal hacia los Estados Unidos desde el Caribe insular 10|Migraci&#xF3;n legal desde el Caribe insular hacia los Estados Unidos 12|Migraci&#xF3;n legal a los Estados Unidos desde la Rep&#xFA;blica dominicana 14|Migraci&#xF3;n a los Estados Unidos desde el Caribe insular 15|Estimaci&#xF3;n de la poblaci&#xF3;n de inmigrantes ilegales sobre la base de los veinte pa&#xED;ses de rigen e mayor volumen para 1996 17|Interdicciones de inmigrantes cubaos, haitianos y dominicanos por parte de la guardia costera norteamericana 18|Inmigrantes admitidos, provenientes de los veinte pa&#xED;ses de origen m&#xE1;s importantes, para el a&#xF1;o fiscal 1995-1996 20|Emigrantes a los Estados Unidos en 1996 bajo el mecanismo de unificaci&#xF3;n familiar 21|Migraci&#xF3;n bajo auspicio familiar en la regi&#xF3;n caribe&#xF1;a (1996) 23|Porciento de la migraci&#xF3;n legal que est&#xE1; siendo auspiciada por familiares - 1996 25|Requisitos para el afid&#xE1;vit de apoyo del auspiciante 27|Poblaci&#xF3;n dominicana (nacida en el extranjero). Datos del censo de 1990 - ajustado por el &#xED;ndice de precios al consumidor 29|Poblaci&#xF3;n dominicana (nacida en el extranjero). Datos del censo de 1990 - ingreso familiar - ajustado por el &#xED;ndice de precios al consumidor 31|Porciento de visas de inmigraci&#xF3;n rehusadas en los consulados norteamericanos en la Rep&#xFA;blica Dominicana 33|Remoci&#xF3;n de deportados criminales a pa&#xED;ses caribe&#xF1;os por a&#xF1;o fiscal 37|Remoci&#xF3;n de deportados criminarles hacia pa&#xED;ses caribe&#xF1;os 38|Porciento de la poblaci&#xF3;n nacida en el extranjero y que proviene del Caribe insular que se hacen ciudadanos norteamericanos 40</subfield>
  </datafield>
  <datafield tag="651" ind1=" " ind2="4">
    <subfield code="a">Rep&#xFA;blica Dominicana </subfield>
    <subfield code="x">Migraci&#xF3;n e inmigraci&#xF3;n</subfield>
    <subfield code="z">Estados Unidos </subfield>
  </datafield>
  <datafield tag="651" ind1=" " ind2="4">
    <subfield code="a">Caribe (Regi&#xF3;n)</subfield>
    <subfield code="x">Migraci&#xF3;n e inmigraci&#xF3;n.</subfield>
  </datafield>
  <datafield tag="651" ind1=" " ind2="4">
    <subfield code="a">Estados Unidos </subfield>
    <subfield code="x">Migraci&#xF3;n e inmigraci&#xF3;n</subfield>
    <subfield code="z">Rep&#xFA;blica Dominicana </subfield>
  </datafield>
  <datafield tag="700" ind1="1" ind2=" ">
    <subfield code="a">Desprandel, Roberto</subfield>
  </datafield>
  <datafield tag="910" ind1=" " ind2=" ">
    <subfield code="a">VMateo V./Validado</subfield>
  </datafield>
  <datafield tag="942" ind1=" " ind2=" ">
    <subfield code="2">ddc</subfield>
    <subfield code="c">BK</subfield>
  </datafield>
  <datafield tag="952" ind1=" " ind2=" ">
    <subfield code="0">0</subfield>
    <subfield code="1">0</subfield>
    <subfield code="2">ddc</subfield>
    <subfield code="4">0</subfield>
    <subfield code="7">0</subfield>
    <subfield code="8">CD</subfield>
    <subfield code="a">BPMET</subfield>
    <subfield code="b">BPMET</subfield>
    <subfield code="d">2015-02-17</subfield>
    <subfield code="o">BPMSU CD 304.89  V422t 2000</subfield>
    <subfield code="p">BPMSU15041341</subfield>
    <subfield code="r">2015-02-17</subfield>
    <subfield code="w">2015-02-17</subfield>
    <subfield code="y">BK</subfield>
  </datafield>
  <datafield tag="952" ind1=" " ind2=" ">
    <subfield code="0">0</subfield>
    <subfield code="1">0</subfield>
    <subfield code="2">ddc</subfield>
    <subfield code="4">0</subfield>
    <subfield code="7">0</subfield>
    <subfield code="8">CD</subfield>
    <subfield code="a">BPMET</subfield>
    <subfield code="b">BPMET</subfield>
    <subfield code="d">2018-02-13</subfield>
    <subfield code="o">BPMSU CD 304.89  V422t 2000</subfield>
    <subfield code="p">BPMSU18020138</subfield>
    <subfield code="r">2018-02-13</subfield>
    <subfield code="t">e.2</subfield>
    <subfield code="w">2018-02-13</subfield>
    <subfield code="y">BK</subfield>
  </datafield>
  <datafield tag="952" ind1=" " ind2=" ">
    <subfield code="0">0</subfield>
    <subfield code="1">0</subfield>
    <subfield code="2">ddc</subfield>
    <subfield code="4">0</subfield>
    <subfield code="7">0</subfield>
    <subfield code="8">CD</subfield>
    <subfield code="a">BPMET</subfield>
    <subfield code="b">BPMET</subfield>
    <subfield code="d">2018-02-13</subfield>
    <subfield code="l">0</subfield>
    <subfield code="o">BPMSU CD 304.89  V422t 2000</subfield>
    <subfield code="p">BPMSU24040028</subfield>
    <subfield code="r">2024-04-25</subfield>
    <subfield code="t">e.3</subfield>
    <subfield code="w">2018-02-13</subfield>
    <subfield code="y">BK</subfield>
  </datafield>
  <datafield tag="999" ind1=" " ind2=" ">
    <subfield code="c">7423</subfield>
    <subfield code="d">7423</subfield>
  </datafield>
</record>
